<?xml version="1.0" encoding="UTF-8"?>
<collection xmlns="http://www.loc.gov/MARC21/slim">
 <record>
  <leader>01655nam a2200229 a 4500</leader>
  <controlfield tag="001">1/25923</controlfield>
  <controlfield tag="008">050422s2002    gr  ad    b   00010 gre d</controlfield>
  <datafield tag="020" ind1=" " ind2=" ">
   <subfield code="a">9603513857</subfield>
  </datafield>
  <datafield tag="035" ind1=" " ind2=" ">
   <subfield code="l">27744</subfield>
  </datafield>
  <datafield tag="082" ind1="0" ind2="0">
   <subfield code="a">519.50285 ΦΡΑ</subfield>
  </datafield>
  <datafield tag="100" ind1="1" ind2=" ">
   <subfield code="a">Φράγκος, Χρήστος Κ.</subfield>
  </datafield>
  <datafield tag="245" ind1="1" ind2="0">
   <subfield code="a">Στατιστική επεξεργασία και ανάλυση δεδομένων με χρήση του Microsoft Excel:</subfield>
   <subfield code="b">Για τις οικονομικές και διοικητικές επιστήμες και για τα εργαστήρια στατιστικής των Πανεπιστημίων και ΤΕΙ.: Βήμα προς βήμα λύση στατιστικών προβλημάτων με χρήση των εντολών του Microsoft Excel ανάλυση κλάδων ( Factor analysis) με χρήση SPSS /</subfield>
   <subfield code="c">Χρίστος Κ. Φράγκος</subfield>
  </datafield>
  <datafield tag="260" ind1="0" ind2=" ">
   <subfield code="a">Αθήνα:</subfield>
   <subfield code="b">Σταμούλης,</subfield>
   <subfield code="c">2002</subfield>
  </datafield>
  <datafield tag="300" ind1=" " ind2=" ">
   <subfield code="a">460 σ. :</subfield>
   <subfield code="b">εικ. ;</subfield>
   <subfield code="c">25 εκ.</subfield>
  </datafield>
  <datafield tag="500" ind1=" " ind2=" ">
   <subfield code="a">Συμπεριλαμβάνεται Παραγοντική Ανάλυση (Factor Analysis) με χρήση SPSS</subfield>
  </datafield>
  <datafield tag="504" ind1=" " ind2=" ">
   <subfield code="a">Περιέχει βιβλιογραφία</subfield>
  </datafield>
  <datafield tag="650" ind1=" " ind2="4">
   <subfield code="a">Στατιστική.</subfield>
  </datafield>
  <datafield tag="650" ind1=" " ind2="4">
   <subfield code="a">Ηλεκτρονικοί υπολογιστές</subfield>
   <subfield code="x">Προγράμματα (SPSS/PC+)</subfield>
  </datafield>
  <datafield tag="650" ind1=" " ind2="4">
   <subfield code="a">Στατιστική</subfield>
   <subfield code="x">Ηλεκτρονικοί υπολογιστές-Προγράμματα.</subfield>
  </datafield>
  <datafield tag="650" ind1=" " ind2="4">
   <subfield code="a">SPSS for Windows.</subfield>
  </datafield>
  <datafield tag="650" ind1=" " ind2="4">
   <subfield code="a">Στατιστική</subfield>
   <subfield code="x">Επεξεργασία δεδομένων.</subfield>
  </datafield>
  <datafield tag="852" ind1=" " ind2=" ">
   <subfield code="a">INST</subfield>
   <subfield code="b">UNIPILB</subfield>
   <subfield code="c">MAIN</subfield>
   <subfield code="e">20050422</subfield>
   <subfield code="h">519.50285 ΦΡΑ</subfield>
   <subfield code="p">00148004</subfield>
   <subfield code="q">00148004</subfield>
   <subfield code="t">LOAN</subfield>
   <subfield code="y">0</subfield>
   <subfield code="4">1</subfield>
  </datafield>
 </record>
</collection>
